IFM Opac

Cost Accounting and Financial Management:For CA Professional Examination-II (Record no. 17769)

MARC details
000 -LEADER
fixed length control field 00533nam a22001937a 4500
003 - CONTROL NUMBER IDENTIFIER
control field OSt
005 - DATE AND TIME OF LATEST TRANSACTION
control field 20221005115444.0
008 - FIXED-LENGTH DATA ELEMENTS--GENERAL INFORMATION
fixed length control field 220902b |||||||| |||| 00| 0 eng d
020 ## - INTERNATIONAL STANDARD BOOK NUMBER
International Standard Book Number 0070483795
040 ## - CATALOGING SOURCE
Transcribing agency IFM Library
082 ## - DEWEY DECIMAL CLASSIFICATION NUMBER
Classification number 657.42
100 ## - MAIN ENTRY--PERSONAL NAME
Personal name Khan, M. Y
245 ## - TITLE STATEMENT
Title Cost Accounting and Financial Management:For CA Professional Examination-II
260 ## - PUBLICATION, DISTRIBUTION, ETC.
Place of publication, distribution, etc. India;
Name of publisher, distributor, etc. Tata McGraw,
Date of publication, distribution, etc. 20002
300 ## - PHYSICAL DESCRIPTION
Extent xiii.: 16.5p.; 23cm.
500 ## - GENERAL NOTE
General note Includes Bibliography and Index
700 ## - ADDED ENTRY--PERSONAL NAME
Personal name P K Jain
942 ## - ADDED ENTRY ELEMENTS (KOHA)
Koha item type Books
Source of classification or shelving scheme Dewey Decimal Classification
Suppress in OPAC No
Holdings
Withdrawn status Lost status Source of classification or shelving scheme Damaged status Not for loan Collection code Home library Current library Shelving location Date acquired Full call number Barcode Date last seen Price effective from Koha item type
    Dewey Decimal Classification     Non-fiction IFM Main Campus Library IFM Main Campus Library General Collection 09/02/2022 657.42 KHAN 0000003336 08/07/2017 02/19/2022 Books